000 00378 a2200109 4500
001 ART_3310
005 20260410161713.0
008 260409a
245 1 0 _aAlgunas vicisitudes históricas de las economías abiertas en América Latina
100 1 _aDíaz Alejandro, Carlos F.
773 0 _tDesarrollo económico
_g- Vol. 19, Nº 74 (jul./sep. 1979)
_wREV1174
999 _c16312
_d16312